LIBRARY & INFORMATION CENTRE, KCAET, TAVANUR

ONLINE PUBLIC ACCESS CATALOGUE (OPAC)

Nte Ramapuram school / | ന്റെ രാമപുരം സ്കൂള്‍ (Record no. 19481)

MARC details
000 -LEADER
fixed length control field 00443nam a22001577a 4500
003 - CONTROL NUMBER IDENTIFIER
control field OSt
008 - FIXED-LENGTH DATA ELEMENTS--GENERAL INFORMATION
fixed length control field 250827b |||||||| |||| 00| 0 eng d
041 ## - LANGUAGE CODE
Language code of text/sound track or separate title eng
082 ## - DEWEY DECIMAL CLASSIFICATION NUMBER
Classification number 923.7
Item number DEE/NT
100 ## - MAIN ENTRY--AUTHOR NAME
Personal name Deepa Padmakumar
245 ## - TITLE STATEMENT
Title Nte Ramapuram school /
Remainder of title ന്റെ രാമപുരം സ്കൂള്‍
260 ## - PUBLICATION, DISTRIBUTION, ETC. (IMPRINT)
Place of publication Thiruvananthapuram :
Name of publisher Evergreen Books,
Year of publication 2021.
300 ## - PHYSICAL DESCRIPTION
Number of Pages 66 p.
650 ## - SUBJECT ADDED ENTRY--TOPICAL TERM
Topical Term Memoir
942 ## - ADDED ENTRY ELEMENTS (KOHA)
Koha item type Books
Holdings
Withdrawn status Lost status Damaged status Home library Current library Date acquired Source of acquisition Cost, normal purchase price Full call number Accession Number Koha item type
      KAUAET KAUAET 27/08/2025 Donated by KT Jaleel MLA 90.00 923.7 DEE/NT 26318 Books
free website counter